УИРС. Часть 2 (13.03.02, профиль «Релейная защита и автоматизация электроэнергетических систем», «Электроснабжение») / ДО 2017: электронный курс
| Autor principal: | |
|---|---|
| Autor corporatiu: | |
| Altres autors: | |
| Sumari: | Заглавие с экрана Методические указания и индивидуальные задания по дисциплине «Учебно-исследовательская работа студентов», предназначены для студентов, обучающихся по направлению 13.03.02 «Электроэнергетика и электротехника», профили «Электроснабжение» и «Релейная защита и автоматизация электроэнергетических систем». Данная часть дисциплины изучается в 4-м семестре. Доступ по логину и паролю |
| Idioma: | rus |
| Publicat: |
Томск, TPU Moodle, 2019
|
| Matèries: | |
| Accés en línia: | https://design.lms.tpu.ru/course/view.php?id=2888 |
| Format: | MixedMaterials Electrònic Llibre |
| KOHA link: | https://koha.lib.tpu.ru/cgi-bin/koha/opac-detail.pl?biblionumber=665723 |
MARC
| LEADER | 00000nlm0a2200000 4500 | ||
|---|---|---|---|
| 001 | 665723 | ||
| 005 | 20240220092708.0 | ||
| 035 | |a (RuTPU)RU\TPU\network\36927 | ||
| 035 | |a RU\TPU\network\29777 | ||
| 090 | |a 665723 | ||
| 100 | |a 20211110d2019 m y0rusy50 ca | ||
| 101 | 0 | |a rus | |
| 102 | |a RU | ||
| 105 | |a a j 000zy | ||
| 135 | |a jrcn ---uucaa | ||
| 181 | 0 | |a i | |
| 182 | 0 | |a b | |
| 200 | 1 | |a УИРС. Часть 2 (13.03.02, профиль «Релейная защита и автоматизация электроэнергетических систем», «Электроснабжение») / ДО 2017 |e электронный курс |f Н. М. Космынина, Н. Ю. Рубан |g Национальный исследовательский Томский политехнический университет, Инженерная школа энергетики, Отделение электроэнергетики и электротехники (ОЭЭ) | |
| 203 | |a Текст |c электронный | ||
| 210 | |a Томск |c TPU Moodle |d 2019 | ||
| 300 | |a Заглавие с экрана | ||
| 330 | |a Методические указания и индивидуальные задания по дисциплине «Учебно-исследовательская работа студентов», предназначены для студентов, обучающихся по направлению 13.03.02 «Электроэнергетика и электротехника», профили «Электроснабжение» и «Релейная защита и автоматизация электроэнергетических систем». Данная часть дисциплины изучается в 4-м семестре. | ||
| 333 | |a Доступ по логину и паролю | ||
| 606 | 1 | |a Студенты |x Научно-исследовательская работа |2 stltpush |3 (RuTPU)RU\TPU\subj\68806 |9 83939 | |
| 610 | 1 | |a электронный ресурс | |
| 610 | 1 | |a труды учёных ТПУ | |
| 610 | 1 | |a электронное обучение | |
| 610 | 1 | |a электронные курсы ТПУ | |
| 610 | 1 | |a электронные учебные пособия | |
| 610 | 1 | |a учебные пособия | |
| 610 | 1 | |a учебно-исследовательская работа | |
| 610 | 1 | |a производство | |
| 610 | 1 | |a электроэнергия | |
| 610 | 1 | |a ТЭЦ | |
| 610 | 1 | |a ГЭС | |
| 610 | 1 | |a преобразование | |
| 610 | 1 | |a трансформаторы | |
| 610 | 1 | |a передача | |
| 610 | 1 | |a передача энергии | |
| 610 | 1 | |a воздушные линии электропередачи | |
| 610 | 1 | |a кабельные линии электропередачи | |
| 610 | 1 | |a потребление | |
| 686 | |a Ч481.268я73 |2 rubbk | ||
| 700 | 1 | |a Космынина |b Н. М. |c специалист в области электроэнергетики |c доцент Томского политехнического университета, кандидат технических наук |f 1953- |g Нина Михайловна |3 (RuTPU)RU\TPU\pers\26575 |9 12264 | |
| 701 | 1 | |a Рубан |b Н. Ю. |c специалист в области электроэнергетики |c доцент Томского политехнического университета, кандидат наук |f 1988- |g Николай Юрьевич |3 (RuTPU)RU\TPU\pers\28037 |9 13000 | |
| 712 | 0 | 2 | |a Национальный исследовательский Томский политехнический университет |b Инженерная школа энергетики |b Отделение электроэнергетики и электротехники (ОЭЭ) |3 (RuTPU)RU\TPU\col\23505 |
| 801 | 2 | |a RU |b 63413507 |c 20220420 |g RCR | |
| 856 | 4 | |u https://design.lms.tpu.ru/course/view.php?id=2888 | |
| 942 | |c CF | ||